| 000 | 00451nam a2200181Ia 4500 | ||
|---|---|---|---|
| 001 | 16627 | ||
| 005 | 20260306170323.0 | ||
| 008 | 260306t2021||||xx |||||||||||||| ||und|| | ||
| 041 | _aESP | ||
| 082 |
_a348.8 _bT22 |
||
| 100 |
_aTarazona Pinedo, Manolo Narciso _eAUT |
||
| 245 | 0 | _aManual de relaciones colectivas de trabajo | |
| 260 | _c2021 | ||
| 300 |
_a335 páginas : _c24 cm. |
||
| 650 | _aGEN | ||
| 654 | _aCDE | ||
| 942 |
_cLIB _dJUS _fJUS _2ddc _n |
||
| 999 |
_c16627 _d16627 |
||